00343nam a2200121 4500008004100000082001700041100002000058245005200078250001200130260003100142300001600173650003200189191218b ||||| |||| 00| 0 eng d00a621.43bW757 aWimperis, H. E.10aA Primer of the International Combustion Engine a2nd ed. aLondonbConstablec[n. d.] axii, 141 p. 0aInternal Combustion Engines